Music Quiz

Random Music or Song Quiz

Five Song Frenzy Quiz Stats

 Plays Quiz Updated Apr 30, 2012

Also try: Opening Lyrics
Challenge
Share
Tweet
Embed
Score 0/30 Timer 07:00
0 Plays Today
Song Titles Artist % Correct
'Crazy In Love*' / 'Single Ladies (Put A Ring On It)' / 'Irreplaceable' / 'If I Were A Boy' / 'Halo'Beyoncé
90.4%
'Help Me, Rhonda' / 'Wouldn't It Be Nice' / 'I Get Around' / 'Good Vibrations' / 'Surfin' USA'The Beach Boys
88.6%
'Not Afraid' / 'Lose Yourself' / 'The Real Slim Shady' / 'Stan*' / 'Love The Way You Lie*'Eminem
88.1%
'Dream On' / 'Same Old Song And Dance' / 'Love In An Elevator' / 'Walk This Way' / 'I Don't Want To Miss A Thing' Aerosmith
86.9%
'Cry Me A River' / 'Sexyback' / 'My Love' / 'Rock Your Body*' / 'What Goes Around ...Comes Around'Justin Timberlake
86.6%
'My Heart Will Go On' / 'Alone' / 'Think Twice' / 'It's All Coming Back To Me Now' / 'The Power Of Love'Celine Dion
86.1%
'Raspberry Beret' / 'Kiss' / 'When Doves Cry' / 'Batdance' / 'Purple Rain'Prince
84.2%
'Clocks' / 'Viva La Vida' / 'Fix You' / 'Violet Hill' / 'Speed Of Sound'Coldplay
82.6%
'Born To Run' / 'Streets Of Philadelphia' / 'Thunder Road' / 'Dancing In The Dark' / 'Fire' Bruce Springsteen
81.4%
'Just The Way You Are' / 'Piano Man' / 'New York State Of Mind' / 'An Innocent Man' / 'The River Of Dreams'Billy Joel
79.5%
'Baba O'Riley' / 'Pinball Wizard' / 'Behind Blue Eyes' / 'Won't Get Fooled Again' / 'I Can See For Miles'The Who
74.5%
'It's Now Or Never' / 'Suspicious Minds' / 'Burning Love' / 'Viva Las Vegas' / 'Return To Sender'Elvis Presley
74%
'Gold Digger*' / 'Love Lockdown' / 'Stronger' / 'Heartless' / 'Power*'Kanye West
73.8%
'You Are The Sunshine Of My Life' / 'Sir Duke' / 'Part-Time Lover' / 'Superstition' / 'We Can Work It Out'Stevie Wonder
71.7%
'Ziggy Stardust' / 'Changes' / 'Life On Mars?' / 'Heroes' / 'Ashes To Ashes'David Bowie
71.2%
Song Titles Artist % Correct
'It's OK' / 'Bodies' / 'F**k You (Forget You)' / 'Bright Lights, Bigger City' / 'Wildflower'Cee-lo Green
70.2%
'Raise Your Glass' / 'Family Portrait' / 'Trouble' / 'Funhouse' / 'Please Don't Leave Me'P!nk
69.9%
'Misery' / 'This Love' / 'Make Me Wonder' / 'Give A Little More' / 'She Will Be Loved' Maroon 5
68.9%
'Rio' / 'The Reflex' / 'Hungry Like The Wolf' / 'Save A Prayer' / 'A View To A Kill'Duran Duran
68.6%
'Light My Fire' / 'Love Her Madly' / 'Hello, I Love You' / 'Riders On The Storm' / 'Touch Me'The Doors
68.2%
'Gypsys, Tramps & Thieves' / 'If I Could Turn Back Time' / 'Believe' / 'Dark Lady' / 'Take Me Home'Cher
67.1%
'Use Somebody' / 'Sex On Fire' / 'Revelry' / 'Radioactive' / 'Manhattan'Kings Of Leon
65.8%
'Say It Right' / 'Promiscuous*' / 'I'm Like A Bird' / 'Maneater' / 'Try'Nelly Furtado
62.1%
'Hero' / 'Always Be My Baby' / 'Vision Of Love' / 'Without You' / 'Butterfly'Mariah Carey
61.5%
'Who's That Girl' / 'Sweet Dreams (Are Made Of This)' / 'Sisters Are Doin' It For Themselves*' / 'Right By Your Side' / 'There Must Be An Angel (Playing With My Heart)'Eurythmics
60.6%
'Say You, Say Me' / 'Hello' / 'Endless Love*' / 'All Night Long (All Night)' / 'Truly'Lionel Richie
59.4%
'Straight Up' / 'Rush Rush' / 'Cold Hearted' / 'Vibeology' / 'Forever Your Girl'Paula Abdul
48.1%
'Give It Up' / '(Shake Shake Shake) Shake Your Booty' / 'I'm Your Boogie Man' / 'That's The Way (I Like It)' / 'Get Down Tonight'K.C. and the Sunshine Band
47.3%
'Uprising' / 'Supermassive Black Hole' / 'Undisclosed Desires' / 'Stockholm Syndrome' / 'Starlight'Muse
44.3%
'Miss You Much' / 'Again' / 'When I Think Of You' / 'Together Again' / 'Escapade'Janet Jackson
29.6%

You're not logged in!

Compare scores with friends on all Sporcle quizzes.
Join for Free
OR
Log In

You Might Also Like...

Show Comments

Extras

Top Quizzes Today


Score Distribution

Your Account Isn't Verified!

In order to create a playlist on Sporcle, you need to verify the email address you used during registration. Go to your Sporcle Settings to finish the process.

Report this User

Report this user for behavior that violates our Community Guidelines.

Details: